Countries of the Americas with No Clues - Statistics

General Stats
  • This quiz has been taken 69 times
  • The average score is 33 of 35
Answer Stats
Country % Correct
Mexico
100%
Colombia
98%
United States
98%
Argentina
97%
Brazil
97%
Canada
97%
Chile
97%
Cuba
97%
El Salvador
97%
Haiti
97%
Panama
97%
Belize
95%
Bolivia
95%
Guatemala
95%
Peru
95%
Venezuela
95%
Ecuador
93%
Guyana
93%
Honduras
93%
Nicaragua
93%
Saint Lucia
93%
Suriname
93%
Uruguay
93%
Costa Rica
92%
Dominican Republic
92%
Jamaica
92%
Paraguay
92%
Bahamas
90%
Dominica
90%
Barbados
88%
Saint Vincent and the Grenadines
88%
Grenada
86%
Saint Kitts and Nevis
86%
Trinidad and Tobago
86%
Antigua and Barbuda
83%
No matching quizzes found
Score Distribution
Percent of People with Each Score
Percentile by Number Answered
Your Score History
You have not taken this quiz